MDQL
is popping MORE tags! Check the
thread
!
Quizzes
Events
Quiz Creation
Community
Videos
Private Events
Remove Ads
Sign In
Join for FREE
Feedback
Dark Mode
Quiz Categories
Sports
Geography
Music
Movies
Television
Just For Fun
Miscellaneous
History
Literature
Language
Science
Gaming
Entertainment
Religion
Holiday
For Kids
Quiz Lab
Recent
Popular Today
Quiz Kudos Today
Editor Picks
Curator Picks
Quizzes by...
Day
Popularity
Type
Ratings
Length
Year
Community
Subscriptions
Recent Discussions
Orange Saloon
Badges
Playlists
Quests
Create
Leaderboards
Showdown
Live 5
Trivia Bingo
Activity
Puzzle Library
Sporcle Events
Private Events
Virtual Trivia
Globe League
Become a Host
Pub Owners
SporcleCon
Opinionation
Our Games
Videos
Blog
Mobile Apps
Partnerships
Remove Ads and Go Orange
Feedback
Music
Pop Music
The Beatles
Song
Album
Lyrics
Bands
Singers
Artist
Clip
Rock
Rap
Classical
Billboard
Country Music
Kpop
Taylor Swift
Music
Pop Music
The Beatles
Song
Album
Lyrics
Bands
Singers
Artist
Clip
Rock
Rap
Classical
Billboard
Country Music
Kpop
Taylor Swift
Random Quiz
Search Sporcle
×
Quiz Lab
Quiz Lab
Music
Album
Type in answers that appear in a list
Type in answers that appear in a list
Classic
Best Score? Go Orange.
00's Rock Bands By Album Names Stats
Can you name the Band Whos Albums Came Out in the 00's?
By
kcuje27
10m
50 Questions
179 Plays
179 Plays
179 Plays
Comments
Comments
Give Quiz Kudos
Give Quiz Kudos
-
- Ratings
hide this ad
Replay
Link that replays current quiz
Next Quiz
Link to next quiz in quiz playlist
You Got
0%
They Got
Avg Score
25%
Avg Friend Score
Upgrade to see
Score Distribution
Jump to the score distribution portion of the page
Score
0/50
Timer
10:00
0
Plays Today
Albums
Band
% Correct
I Brought You My Bullets,You Brought Me Your Love, Three Cheers for Sweet Revenge, The Black Parade, Danger Days: The True Lives of the Fabulous Killjoys
My Chemical Romance
69.8%
The Sickness, Beleive, Ten Thousand Fists, Indestructible, Asylum
Disturbed
67.6%
All Killer No Filler, Does This Look Infected?, Chuck, Underclass Hero, Screaming Bloody Murder
Sum 41
64.2%
Evening Out With Your Girlfriend, Take This to Your Grave, From Under the Cork Tree, Infinity on High, Folie a Deux
Fall Out Boy
57%
Sounding the Seventh Trumpet, Waking the Fallen, City of Evil, Self Titled, Nightmare
Avenged Sevenfold
54.7%
Self Titled, A Beautiful Lie, This Is War
30 Seconds To Mars
53.1%
The Poison, Scream Aim Fire, Fever
Bullet For My Valentine
49.2%
Selft Titled, Move Along, When the World Comes Down
The All American Rejects
47.5%
Self Titled, The Young And Hopeless, Chronicles of Life and Death, Good Morning Revival, Cardiology
Good Charlotte
46.4%
The Unraveling, Revolutions Per Minute, Siren Song of the Counter Culture,The Sufferer& the Witness, Appeal to Reason, Endgame
Rise Against
38.5%
Self Titled, One-
X, Life Starts Now
Three Days Grace
37.4%
Thefakesoundofprogress, Start Something, Liberation Transmission, The Betrayed
Lostprophets
36.9%
Self Titled, The Reason, Every Man for Himself, For(N)ever
Hoobastank
34.1%
No Pads, No Helmets... Just Balls, Still Not Getting Any, Self Titled
Simple Plan
33%
Youth and Young Manhood, Aha Shake Heartbreak, Because of the Times, Only by the Night, Come Around Sundown
Kings Of Leon
31.3%
Self Titled, Out of Exile, Revelations
Audioslave
30.7%
Saturate, We Are Not Alone, Phobia, Dear Agony
Breaking Benjamin
29.6%
Anthology, Truant, Up in the Attic
Alien Ant Farm
29.1%
Leave a Whisper, Us and Them, The Sound of Madness
Shinedown
29.1%
Disclaimer, Disclaimer II, Karma and Effect, Finding Beauty in Negative Spaces, Holding Onto Strings Better Left to Fray
Seether
27.4%
Your Favorite Weapon, Deja Entendu, The Devil and God Are Raging Inside Me, Daisy
Brand New
26.3%
One Day Remains, Blackbird, AB III
Alterbridge
25.7%
Self Titled, Come What (ever) May, Audio Secrecy
Stone Sour
25.7%
Contraband, Libertad
Velvet Revolver
25.1%
Tell All Your Friends, Where You Want to Be, Louder Now, New Again
Taking Back Sunday
22.3%
Albums
Band
% Correct
The Better Life, Away from the Sun, Seventeen Days, Self Titled
3 Doors Down
21.8%
And Their Name Was Treason, For Those Who Have Heart, Homesick, What Seperates Me From You
A Day To Remember
21.2%
Self Titled, In Love and Death, Lies for Liars, Artwork
The Used
21.2%
What It Is to Burn, Say Hello to Sunshine
Finch
20.1%
Swan Songs, American Tragedy
Hollywood Undead
19.6%
Self Titled, Oh No, Of the Blue Colour of the Sky
Ok Go
17.9%
Self Titled, Gasoline, Scars & Souvenirs
Theory Of A Dead Man
17.3%
Identity Crisis, The Illusion of Safety, The Artist in the Ambulance, Vheissu, The Alchemy Index Vols. I & II, The Alchemy Index Vols. III & IV, Beggars
Thrice
16.2%
Sinner, Desesitized, Full Circle, Self Titled
Drowning Pool
15.1%
Almost Here,Santi, Fast Times at Barrington High
The Academy is...
14.5%
Self Titled, Thank You,Happy Birthday
Cage The Elephant
12.8%
No Name Face, Stanley Climbfall, Self Titled, Who We Are, Smoke & Mirrors
Lifehouse
11.2%
Everything You Ever Wanted to Know About Silence, Worship and Tribute
Glassjaw
9.5%
Say it Like You Mean It, Based on a True Story, Direction
The Starting Line
9.5%
Page Avenue, In the Wake of Determination, The Black Swan, The Constant
Story Of The Year
7.8%
Ready... Break, Leaving Through the Window, North
Something Corporate
6.7%
Dream to Make Beleive, What to Do When You Are Dead, Smile for Them
Armor For Sleep
6.1%
The Fallout, Elocation, One Thing Remains, Comes and Goes
Default
6.1%
From the Depths of Dreams, Let it Enfold You, Still Searching, Life is Not a Waiting Room, The Fire
Senses Fail
6.1%
Self Titled, Miss America
Saving Abel
6.1%
Self Titled, Inertia, Head for the Door, A Modern Way of Living with the Truth
The Exies
5.6%
Now You See Inside, Tomorrow, Here We Go Again
SR-71
5%
The Lonely Position of Neutral, True Parallels, Dreaming In Black and White
Trust Company
5%
Save the World,Lose the Girl, Living Well Is the Best Revenge, Forget What You Know
Midtown
5%
Self Titled, Anxiety, Vultures, Consciousness
Smile Empty Soul
3.4%
Quiz Playlist
Details
Report
Send in Message
Add To Playlist
Classic:
Type in answers that appear in a list
Last Updated: Feb 16, 2017
Quiz Scoreboard
CHALLENGE
Sign Up to Join the Scoreboard
Show All
Scores
Hide
Comments
May contain spoilers
Recently Published
Image Sorting: Flags VI
by Barbecue
Geography
2m
Find the 'City' Movie
by crazypaving
Movies
60s
Colored Red Africa Blitz
by spor1
Geography
45s
More to Explore
Quiz From the Vault
Featured Blog Post
14 Easter Pick-up Lines to Find Eggs With
hide this ad
You Might Also Like...
Tags
Album Quiz
Bands Quiz
Today's Top Quizzes in Music
Browse Music
hide this ad
Today's Top Quizzes in Album
Browse Album
Top Contributed Quizzes in Music
1
5X2 Blitz: Bands II
2
5X2 Blitz: The Beatles
3
Taylor Swift All Songs (2024)
4
5X2 Blitz: Billboard
5
5X2 Blitz: Billboard II
6
5X2 Blitz: Album
7
5X2 Blitz: Rock
8
5X2 Blitz: Singers
9
Taylor Swift Logic Puzzle II
10
5X2 Blitz: Lyrics
Explore More
Trending Topics
Crossword
Anime
Disney
Harry Potter
NBA
Marvel
Kpop
Country
WWE
NFL
Pokémon
Puzzle
The Office
Song
Soccer
hide this ad
More By:
kcuje27
Quiz
Plays
Rating
Category
Featured
Created
Dark Souls 3 Bosses by Picture
4,898
3.40
Gaming
Nov 13, 2016
Dark Souls Bosses by Picture
4,094
3.19
Gaming
Nov 12, 2016
Dark Souls 2 Bosses by Picture
1,538
3.20
Gaming
Nov 12, 2016
90's Rock Bands By Album Names
437
4.50
Music
Jun 1, 2011
00's Rock Bands By Album Names
179
3.00
Music
May 31, 2011
Go to Creator's Profile
Score Distribution
Quiz Creator Spotlight
kcuje27
Follow
Send a Message
Quizzes Created
-
Created Quiz Play Count
-
More By This Creator
Popular Quizzes Today
1
Colored Red Africa Blitz
2
Find the US States - No Outlines Minefield
3
Find the 'City' Movie
4
5x2 Blitz: Bands
5
The Countries of the World
6
Find the US States
7
Find the Countries of Europe - No Outlines Minefield
8
US States
More Music Quizzes
STAYC members [slideshow]
Quiz Lab
Trending Quizzes
Colored Red Europe Blitz I
Colored Red Europe Blitz II
Colored Red Africa Blitz II
Colored Red Europe Blitz III
Colored Red Africa Blitz III
Recently Updated
How Do You Spell That?
pecheneg
Godzilla Movies
pecheneg
Grab Bag: 4-10 Letters
pecheneg
2024 March Madness Bracket
pecheneg
Famous TV Couples
Peacemaker
Champions League XIs: Real Madrid
pecheneg
Largest US Cities 1790-2010
pecheneg
Rides in Walt Disney World
pecheneg
Most Oscar Losses (Acting)
pecheneg
Beyoncé Albums
pecheneg
Trending Topics
Harry Potter
Anime
NBA
Marvel
Crossword
Kpop
Disney
Country
Pokémon
Soccer
Puzzle
Song
WWE
NFL
The Office
Your Account Isn't Verified!
In order to create a playlist on Sporcle, you need to verify the email address you used during registration. Go to your
Sporcle Settings
to finish the process.
Report this User
Report this user for behavior that violates our
Community Guidelines
.
Details:
Send Report
Go to the Sporcle.com Mobile Site →
Comments